Edgar Wright Movies - Director's Filmography - Statistics

General Stats
  • This quiz has been taken 20 times
  • The average score is 7 of 11
Answer Stats
Year Movie Director Writer Producer % Correct
2017 Baby Driver Yes Yes Executive
95%
2007 Hot Fuzz Yes Yes No
84%
2004 Shaun of the Dead Yes Yes No
84%
2010 Scott Pilgrim vs. the World Yes Yes Yes
79%
2021 Last Night in Soho Yes Yes Yes
74%
2025 The Running Man Yes Yes Yes
74%
2013 The World's End Yes Yes Executive
74%
1995 A Fistful of Fingers Yes Yes Yes
47%
2015 Ant-Man No Yes Executive
37%
2011 The Adventures of Tintin No Yes No
26%
2021 The Sparks Brothers Yes N/A Yes
26%
No matching quizzes found
Score Distribution
Percent of People with Each Score
Percentile by Number Answered
Your Score History
You have not taken this quiz